Most scearched countries in internet - Statistics

General Stats
  • This quiz has been taken 36 times
  • The average score is 13 of 15
Answer Stats
Searches per day Answer % Correct
6,8 million China
100%
11 million India
100%
4,7 million Japan
97%
9 million United kingdom
97%
14 million United states of america
97%
6,5 million Russia
94%
5 million France
90%
4,8 million Germany
90%
8 million Italy
90%
3,85 million Spain
90%
2,5 million Australia
87%
4,2 million Brazil
87%
3,82 million Canada
84%
6,4 million Ukraine
74%
2,9 million Indonesia
48%
No matching quizzes found
Score Distribution
Percent of People with Each Score
Percentile by Number Answered
Your Score History
You have not taken this quiz